000 00275nam a22001217a 4500
008 260327b ||||| |||| 00| 0 eng d
041 _aeng shqip
080 _a2.1
100 _a25
101 _aNgjarje
245 _aSelia e Shejtë dhe Kriza në Kosovë
942 _2udc
_cBK
999 _c60948
_d60948